000 00687nam a22001577a 4500
003 OSt
005 20151003152615.0
008 151003b xxu||||| |||| 00| 0 eng d
040 _cRUA
082 _aAVM HEL 1999 B071 Or.1
100 _91922
_aHELL, SIMON.
245 _aEffect of duckweed on the local and tam hoang laying hens based on scavenging system, ឥទ្ធិពលនៃចកបាយទា ទៅលើមាន់ពងពូជក្នុងស្រុក និងពូជតាំហ័រដោយចិញ្ចឹមក្នុងប្រព័ន្ធព្រលែង
260 _aPhnom Penh
_bRUA
_c1999
300 _a37p.
_bill.
_c29cm.
942 _2ddc
_cAVM
999 _c1816
_d1816